Województwa posiadające najmniejszy % urbanizacji - Statystyki

Ogólne statystyki
  • Ten quiz został rozwiązany 104 razy
  • Średni wynik to 3 z 6
Statystyki odpowiedzi
Procent
Urbanizacji
Województwo % Poprawnych
41,09 Podkarpackie
73%
46,46 Lubelskie
72%
53,30 Opolskie
64%
44,86 Świętokrzyskie
60%
48,19 Małopolskie
47%
54,27 Wielkopolskie
28%
Nie znaleziono quizów pasujących do podanych kryteriów
Rozkład punktacji
Procent ludzi z każdym wynikiem
Percentyl według liczby udzielonych odpowiedzi
Twoja historia wyników
Nie rozwiązałeś tego quizu